书目信息 |
| 题名: |
碾压混凝土材料结构与性能
|
|
| 作者: | 方坤河 著 | |
| 分册: | ||
| 出版信息: | 武汉 武汉大学出版社 2004.02 |
|
| 页数: | 289页 | |
| 开本: | 21cm | |
| 丛书名: | 武汉大学学术丛书 | |
| 单 册: | ||
| 中图分类: | TU528.59 | |
| 科图分类: | ||
| 主题词: | 振动挤压混凝土--zhen dong ji ya hun ning tu--结构 , 振动挤压混凝土--zhen dong ji ya hun ning tu--性能 | |
| 电子资源: | ||
| ISBN: | 7-307-04072-7 | |
| 000 | 00988nam 2200265 450 | |
| 001 | 012006242406 | |
| 005 | 20070611094929.28 | |
| 010 | @a7-307-04072-7@b精装@dCNY20.00 | |
| 100 | @a20061203d2004 km y0chiy0120 ea | |
| 101 | 0 | @achi |
| 102 | @aCN@b420000 | |
| 105 | @aa a 000yy | |
| 200 | 1 | @a碾压混凝土材料结构与性能@Anian ya hun ning tu cai liao jie gou yu xing neng@f方坤河著@Ffang kun he zhu |
| 210 | @a武汉@c武汉大学出版社@d2004.02 | |
| 215 | @a289页@c图@d21cm | |
| 225 | 2 | @a武汉大学学术丛书@Awu han da xue xue shu cong shu |
| 320 | @a有书目。 | |
| 330 | @a本书讲述了碾压混凝土的组成材料、碾压混凝土的配合比设计、碾压混凝土的结构、碾压混凝土的强度特性、碾压混凝土的热学特性等。 | |
| 410 | 0 | @12001 @a武汉大学学术丛书 |
| 606 | 0 | @a振动挤压混凝土@Azhen dong ji ya hun ning tu@x结构 |
| 606 | 0 | @a振动挤压混凝土@Azhen dong ji ya hun ning tu@x性能 |
| 690 | @aTU528.59@v4 | |
| 701 | 0 | @a方坤河@Afang kun he@4著 |
| 801 | 0 | @aCN@c20070611 |
| 905 | @a10447@dTU528.59@eF212 | |
| 碾压混凝土材料结构与性能/方坤河著.-武汉:武汉大学出版社,2004.02 |
| 289页:图;21cm.-(武汉大学学术丛书) |
| ISBN 7-307-04072-7(精装):CNY20.00 |
| 本书讲述了碾压混凝土的组成材料、碾压混凝土的配合比设计、碾压混凝土的结构、碾压混凝土的强度特性、碾压混凝土的热学特性等。 |
| ● |
| 相关链接 |
|
|
|
正题名:碾压混凝土材料结构与性能
索取号:TU528.59/F212
 
预约/预借
| 序号 | 登录号 | 条形码 | 馆藏地/架位号 | 状态 | 备注 |
| 1 | 230087 | 202300875 | 建筑库201/201建筑库 8排4列3层/ [索取号:TU528.59/F212] | 在馆 | |
| 2 | 230088 | 202300884 | 建筑库201/201建筑库 8排4列3层/ [索取号:TU528.59/F212] | 在馆 | |
| 3 | 230089 | 202300893 | 建筑库201/201建筑库 8排4列3层/ [索取号:TU528.59/F212] | 在馆 |